Statistics for Junk Foods by Picture

Click here to take the quiz!

General Stats

  • This quiz has been taken 288 times
  • The average score is 20 of 22

Answer Stats

Answer% Correct
Hot Dog
100%
Hamburger / Burger / Cheeseburger
97%
Ice Cream
97%
Popcorn
97%
Cupcake
96%
French Fries / Fries
96%
Pizza
96%
Donut
95%
Waffle
95%
Marshmallow
94%
Milkshake
93%
Pretzel
93%
Bacon
91%
Muffin
91%
Reese's
89%
Cheesecake
88%
Twinkie
88%
Pop Tart
87%
Cheerios
84%
Cookie
83%
Mac and Cheese / Macaroni and Cheese
78%
Sour Patch Kids
72%

Score Distribution

Percentile by Number Answered

Percent of People with Each Score

Your Score History

You have not taken this quiz